Control systems for technicians (Record no. 1241)
[ view plain ]
| 000 -LEADER | |
|---|---|
| fixed length control field | 00399nam a2200157 4500 |
| 008 - FIXED-LENGTH DATA ELEMENTS--GENERAL INFORMATION | |
| fixed length control field | 200115b ||||| |||| 00| 0 eng d |
| 020 ## - INTERNATIONAL STANDARD BOOK NUMBER | |
| International Standard Book Number | 0340192771 |
| 082 00 - DEWEY DECIMAL CLASSIFICATION NUMBER | |
| Classification number | 629.8 |
| Item number | B9151 |
| 100 ## - MAIN ENTRY--PERSONAL NAME | |
| 9 (RLIN) | 828 |
| Personal name | Bryan, G. T. |
| 245 10 - TITLE STATEMENT | |
| Title | Control systems for technicians |
| 250 ## - EDITION STATEMENT | |
| Edition statement | 2nd ed. |
| 260 ## - PUBLICATION, DISTRIBUTION, ETC. (IMPRINT) | |
| Place of publication, distribution, etc | London |
| Name of publisher, distributor, etc | EUP |
| Date of publication, distribution, etc | 1971 |
| 300 ## - PHYSICAL DESCRIPTION | |
| Extent | 320 p. |
| 650 #0 - SUBJECT ADDED ENTRY--TOPICAL TERM | |
| Topical term or geographic name as entry element | Automatic Control |
| 942 ## - ADDED ENTRY ELEMENTS (KOHA) | |
| Source of classification or shelving scheme | |
| Item type | Books |
| Withdrawn status | Lost status | Source of classification or shelving scheme | Damaged status | Not for loan | Permanent location | Current location | Date acquired | Full call number | Barcode | Date last seen | Koha item type |
|---|---|---|---|---|---|---|---|---|---|---|---|
| IMU Kolkata | IMU Kolkata | 1975-09-02 | 629.8 B9151 | 04296 | 2020-01-15 | Books | |||||
| IMU Kolkata | IMU Kolkata | 1975-09-02 | 629.8 B9151 | 04297 | 2020-01-15 | Books | |||||
| IMU Kolkata | IMU Kolkata | 1975-09-02 | 629.8 B9151 | 04298 | 2020-01-15 | Books | |||||
| IMU Kolkata | IMU Kolkata | 2020-03-05 | 629.8 B9151 | 04732 | 2020-03-05 | Books | |||||
| IMU Kolkata | IMU Kolkata | 2020-03-13 | 629.8 B9151 | 04869 | 2020-03-13 | Books | |||||
| IMU Kolkata | IMU Kolkata | 2020-03-13 | 629.8 B9151 | 04870 | 2020-03-13 | Books | |||||
| IMU Kolkata | IMU Kolkata | 2020-03-13 | 629.8 B9151 | 04871 | 2020-03-13 | Books | |||||
| IMU Kolkata | IMU Kolkata | 2020-03-13 | 629.8 B9151 | 04872 | 2020-03-13 | Books | |||||
| IMU Kolkata | IMU Kolkata | 2020-03-13 | 629.8 B9151 | 04873 | 2020-03-13 | Books | |||||
| IMU Kolkata | IMU Kolkata | 1982-04-21 | 629.8 B9151 | 05231 | 2020-03-20 | Books | |||||
| IMU Kolkata | IMU Kolkata | 1982-04-21 | 629.8 B9151 | 05232 | 2020-03-20 | Books | |||||
| IMU Kolkata | IMU Kolkata | 1982-04-21 | 629.8 B9151 | 05233 | 2020-03-20 | Books | |||||
| IMU Kolkata | IMU Kolkata | 2020-06-26 | 629.8 B9151 | 06648 | 2020-06-26 | Books |